Welcome to the Holygrace Academy Library

Please use search bar below to get started

FUNDAMENTALS OF BIOCHEMISTRY (Record no. 1379)

MARC details
000 -LEADER
fixed length control field 00400nam a22001697a 4500
020 ## - INTERNATIONAL STANDARD BOOK NUMBER
ISBN 81-219-2453-7
082 ## - DEWEY DECIMAL CLASSIFICATION NUMBER
Classification number 574.192
Item number JAI/F
100 ## - MAIN ENTRY--AUTHOR NAME
Personal name JAIN, J.L
100 ## - MAIN ENTRY--AUTHOR NAME
Personal name JAIN SUNJAY
100 ## - MAIN ENTRY--AUTHOR NAME
Personal name JAIN NITIN
245 ## - TITLE STATEMENT
Title FUNDAMENTALS OF BIOCHEMISTRY
250 ## - EDITION STATEMENT
Edition statement MULTICOLOUR EDITION
260 ## - PUBLICATION, DISTRIBUTION, ETC. (IMPRINT)
Place of publication DELHI
Name of publisher S.CHAND & CO
Year of publication 2005
300 ## - PHYSICAL DESCRIPTION
Number of Pages 1162
650 ## - SUBJECT ADDED ENTRY--TOPICAL TERM
Topical Term BIOLOGY REFERENCE
Geographic subdivision INDIA
942 ## - ADDED ENTRY ELEMENTS (KOHA)
Koha item type Books
Holdings
Withdrawn status Lost status Collection code Home library Current library Shelving location Date acquired Source of acquisition Cost, normal purchase price Full call number Accession Number Koha item type
    Reference Main Library Main Library SHELF-5 D REFERENCEBIOLOGY 04/03/2006 purchase 525.00 574.192 JAI/F 02234 Books